[Event "R1 Libre Echiquier Muret-Vic"]
[Site "Libre Echiquier Muret"]
[Date "2005.03.12"]
[Round "1.6"]
[White "Reignier-Primet, Franck"]
[Black "Dolique, Pascal"]
[Result "1-0"]
[WhiteElo "1250"]
[BlackElo "1240"]
[EventDate "2005.??.??"]
[PlyCount "109"]

1.d4 d5 2.c4 Nf6 3.g3 c6 4.Bg2 e6 5.Nf3 Be7 6.c5 O-O 7.Ne5 Nbd7 8.Bf4 Nh5 
9.Qd2 Nxf4 10.Qxf4 Bg5 11.Qg4 f5 12.Qh5 Nxe5 13.dxe5 d4 14.O-O Bd7 15.Rd1 
Be8 16.Qf3 Qe7 17.b4 Rd8 18.Na3 a6 19.Rd3 Bg6 20.Rad1 f4 21.Rxd4 fxg3 22.
Qxg3 Rd5 23.Bxd5 cxd5 24.Rg4 Rf5 25.e4 Rf4 26.Rxg5 Rxe4 27.Rg4 Qf7 28.Rxe4
Bxe4 29.Nc4 Qh5 30.Rd2 Qf5 31.Nd6 Qf3 32.Nxe4 Qxe4 33.f3 Qe3+ 34.Rf2 d4 
35.Kh1 d3 36.Rg2 g6 37.f4 Qc1+ 38.Rg1 Qc2 39.a4 d2 40.Qf3 Qc1 41.Qd1 Qc3 
42.b5 Qe3 43.c6 Qe4+ 44.Rg2 Qe1+ 45.Rg1 Qe4+ 46.Rg2 bxc6 47.b6 c5 48.Qxd2 
c4 49.Qd8+ Kg7 50.Qc7+ Kh6 51.b7 Qb1+ 52.Rg1 Qf5 53.b8=Q Qe4+ 54.Rg2 Kh5 
55.Qxh7# 1-0

[Event "R1 Libre Echiquier Muret-Vic"]
[Site "Libre Echiquier Muret"]
[Date "2005.03.12"]
[Round "1.5"]
[White "Zarki, Hicham"]
[Black "Labat, Thierry"]
[Result "0-1"]
[WhiteElo "1499"]
[BlackElo "1400"]
[EventDate "2005.??.??"]
[PlyCount "35"]

1.e4 e5 2.Nf3 Nc6 3.Bc4 Nf6 4.Ng5 d5 5.Bb3 Be6 6.Nc3 Be7 7.Nxe6 fxe6 8.Qf3
Nd4 9.Qg3 Nxb3 10.axb3 O-O 11.Qxe5 Qd7 12.O-O Bd6 13.Qd4 dxe4 14.Nxe4 
Bxh2+ 15.Kxh2 Qxd4 16.Nc3 Qh4+ 17.Kg1 Ng4 18.f3 0-1

[Event "R1 Libre Echiquier Muret-Vic"]
[Site "Libre Echiquier Muret"]
[Date "2005.03.12"]
[Round "1.4"]
[White "Hochet, Yannick"]
[Black "Fouhami, Abderrabi"]
[Result "1-0"]
[WhiteElo "1500"]
[BlackElo "1480"]
[EventDate "2005.??.??"]
[PlyCount "55"]

1.e4 e5 2.Nf3 Nc6 3.c3 h6 4.d4 Qf6 5.Bc4 d6 6.h3 Nd8 7.Be3 Be6 8.Nbd2 c6 
9.dxe5 dxe5 10.Qb3 b5 11.Bxe6 Nxe6 12.O-O Bd6 13.a4 Nc7 14.axb5 Nxb5 15.c4
Nd4 16.Bxd4 exd4 17.Qb7 Qd8 18.Qxc6+ Ke7 19.Nxd4 g5 20.Qxa8 Qxa8 21.Rxa7+ 
Qxa7 22.Nc6+ Kd7 23.Nxa7 Ne7 24.Nb5 Be5 25.b3 Rd8 26.Nf3 Bg7 27.Rd1+ Ke8 
28.Nc7+ 1-0

[Event "R1 Libre Echiquier Muret-Vic"]
[Site "Libre Echiquier Muret"]
[Date "2005.03.12"]
[Round "1.3"]
[White "Ardolade, Jean Michel"]
[Black "Moro, Sebastien"]
[Result "0-1"]
[WhiteElo "1520"]
[BlackElo "1499"]
[EventDate "2005.??.??"]
[PlyCount "46"]

1.c4 Nf6 2.Nc3 e6 3.g3 Nc6 4.Bg2 b6 5.e4 Ne5 6.d4 Nxc4 7.e5 Rb8 8.exf6 
Qxf6 9.Nf3 Ba6 10.Qa4 Na5 11.Bg5 Qf5 12.g4 b5 13.Qxa5 Qxg4 14.Rg1 Rb6 15.
Nxb5 Qe4+ 16.Kd2 Rxb5 17.Qxc7 Bb4+ 18.Kc1 O-O 19.Nd2 Qxd4 20.Nb3 Qxf2 21.
Qg3 Rc8+ 22.Kd1 Qxg1+ 23.Ke2 Rxg5+ 0-1

[Event "R1 Libre Echiquier Muret-Vic"]
[Site "Libre Echiquier Muret"]
[Date "2005.03.12"]
[Round "1.2"]
[White "Giraut, Laurent"]
[Black "Costamagno, Yves"]
[Result "1-0"]
[WhiteElo "1880"]
[BlackElo "1420"]
[EventDate "2005.??.??"]
[PlyCount "37"]

1.d4 d6 2.c4 e6 3.Nc3 g6 4.e4 Bg7 5.Nf3 Ne7 6.Be3 O-O 7.Bd3 Nbc6 8.Qd2 Nb4
9.Be2 Kh8 10.h4 f5 11.h5 Rf7 12.Ng5 Rf8 13.hxg6 h6 14.Nf7+ Rxf7 15.gxf7 
Qf8 16.Bxh6 Qxf7 17.Bxg7+ Kxg7 18.Qh6+ Kg8 19.Qh8# 1-0

[Event "R1 Libre Echiquier Muret-Vic"]
[Site "Libre Echiquier Muret"]
[Date "2005.03.12"]
[Round "1.1"]
[White "Monteils, Fernand"]
[Black "Grelier, Gilles"]
[Result "0-1"]
[WhiteElo "1670"]
[BlackElo "1950"]
[EventDate "2005.??.??"]
[PlyCount "40"]

1.e4 c5 2.Nf3 e6 3.g3 Nc6 4.Bg2 g6 5.O-O Bg7 6.c3 Nge7 7.d4 cxd4 8.cxd4 d5
9.e5 Qb6 10.b3 O-O 11.Be3 Bd7 12.Nc3 Nf5 13.g4 Nxe3 14.fxe3 Nxe5 15.Na4 
Bxa4 16.bxa4 Nxg4 17.Qd3 Bh6 18.Rfe1 Qb2 19.Rad1 Bxe3+ 20.Rxe3 Qf2+ 0-1

[Event "N4 - ALBI / RODEZ"]
[Site "?"]
[Date "2005.03.13"]
[Round "?"]
[White "Cremers, Bertrand"]
[Black "Lopez, Jacky"]
[Result "0-1"]
[WhiteElo "1540"]
[BlackElo "1570"]
[EventDate "2005.03.13"]
[PlyCount "64"]

1.e4 e5 2.Nf3 Nc6 3.Bb5 d6 4.d4 Bd7 5.Nc3 Nf6 6.O-O exd4 7.Nxd4 Be7 8.Re1 
Ne5 9.Bxd7+ Qxd7 10.Nf5 O-O 11.Nxe7+ Qxe7 12.Nd5 Nxd5 13.exd5 Qd7 14.b3 
Rfe8 15.Bb2 a6 16.f4 Ng6 17.Qd4 f6 18.c4 b6 19.Rac1 a5 20.g3 Qg4 21.Qd1 
Rxe1+ 22.Qxe1 Nxf4 23.Rc2 Qg6 24.Rd2 Re8 25.Qf1 Re4 26.Rf2 Nd3 27.Rd2 Re1 
28.Qxe1 Nxe1 29.Re2 Nf3+ 30.Kf2 Ne5 31.Kg2 Kf7 32.Bd4 Qd3 0-1

[Event "R1 Ramonville2-Luchon"]
[Site "Luchon"]
[Date "2005.03.13"]
[Round "6.6"]
[White "Lefauqueur, Alain"]
[Black "Bouet, Arnaud"]
[Result "1-0"]
[WhiteElo "1410"]
[BlackElo "1330"]
[EventDate "2005.??.??"]
[PlyCount "95"]

1.e4 e6 2.d4 d5 3.e5 c5 4.c3 Nc6 5.Nf3 f6 6.Be3 Qb6 7.Qc2 f5 8.Be2 Nge7 9.
dxc5 Qc7 10.Bd4 Ng6 11.O-O Be7 12.Bb5 O-O 13.Re1 a6 14.Bxc6 bxc6 15.Nbd2 
Bd7 16.c4 Rf7 17.cxd5 cxd5 18.b4 a5 19.a3 Bb5 20.Nb3 a4 21.Nc1 Qd8 22.Re3 
Bg5 23.Rc3 Rc8 24.Nxg5 Qxg5 25.Rg3 Qf4 26.Nd3 Qxd4 27.Qd1 Nxe5 28.Nxe5 
Qxe5 29.Re3 Qf6 30.Qe1 Re8 31.Re5 Qh6 32.Rc1 Rf6 33.Rc3 Rg6 34.c6 Rc8 35.
Rc5 Bxc6 36.b5 Qg5 37.g3 Qe7 38.Rxc6 Rxc6 39.bxc6 Qe8 40.Qc1 Qc8 41.c7 f4 
42.Qc6 fxg3 43.hxg3 d4 44.Qd6 d3 45.Qd8+ Qxd8 46.cxd8=Q+ Kf7 47.Qd7+ Kf6 
48.Qxe6# 1-0

[Event "R1 Ramonville2-Luchon"]
[Site "Luchon"]
[Date "2005.03.13"]
[Round "6.5"]
[White "Blond, Jeremie"]
[Black "Miquel, Pierre"]
[Result "0-1"]
[WhiteElo "1199"]
[BlackElo "1470"]
[EventDate "2005.??.??"]
[PlyCount "94"]

1.e4 e6 2.g3 d5 3.Bg2 dxe4 4.Bxe4 Nf6 5.Bg2 Bc5 6.Nc3 c6 7.Nge2 O-O 8.O-O 
e5 9.h3 Be6 10.Kh2 Nd5 11.Ne4 Bb6 12.d3 Nd7 13.c4 Ne7 14.N2c3 Nf5 15.b3 
Bd4 16.Qe1 Qe7 17.Be3 Rad8 18.Rd1 h6 19.Qe2 g6 20.g4 Nxe3 21.fxe3 Bb6 22.
d4 exd4 23.exd4 Bc7+ 24.Kh1 f5 25.d5 cxd5 26.cxd5 fxe4 27.Rxf8+ Rxf8 28.
dxe6 Qxe6 29.Bxe4 Kg7 30.Bxb7 Qxe2 31.Nxe2 Rf7 32.Nd4 Nc5 33.Rc1 Bb6 34.
Bd5 Rf6 35.Bc4 Ne4 36.a4 Bxd4 37.Re1 Nd6 38.Re7+ Kf8 39.Rd7 Bc5 40.Rc7 Ne4
41.Bd5 Bb6 42.Rc8+ Kg7 43.Bxe4 Rf1+ 44.Kg2 Rf2+ 45.Kg3 Rb2 46.Rc6 Rxb3+ 
47.Kh4 Bf2# 0-1

[Event "R1 Ramonville2-Luchon"]
[Site "Luchon"]
[Date "2005.03.13"]
[Round "6.4"]
[White "Lloveras, Jean Jacques"]
[Black "Bouet, Jean Yves"]
[Result "1-0"]
[WhiteElo "1570"]
[BlackElo "1450"]
[EventDate "2005.??.??"]
[PlyCount "61"]

1.d4 Nf6 2.Nc3 e6 3.e3 d5 4.a3 c5 5.Bb5+ Bd7 6.Nf3 Bxb5 7.Nxb5 Nc6 8.O-O 
a6 9.Nc3 Bd6 10.Ne2 O-O 11.Ng3 cxd4 12.exd4 Qb6 13.c3 Ne4 14.Nxe4 dxe4 15.
Ng5 Rad8 16.Nxe4 f5 17.Ng5 Rf6 18.Kh1 Be7 19.Qc2 Qc7 20.Nf3 Nxd4 21.Nxd4 
Rxd4 22.Bg5 Rf7 23.Bxe7 Rxe7 24.Rad1 Rxd1 25.Rxd1 Rd7 26.Re1 Qd8 27.Qb3 
Rd6 28.Rxe6 Rd1+ 29.Re1+ Qd5 30.Qxd1 Qxd1 31.Rxd1 1-0

[Event "R1 Ramonville2-Luchon"]
[Site "Luchon"]
[Date "2005.03.13"]
[Round "6.3"]
[White "Lezaud, Pascal"]
[Black "Durand, Christian"]
[Result "1-0"]
[WhiteElo "1500"]
[BlackElo "1499"]
[EventDate "2005.??.??"]
[PlyCount "92"]

1.e4 e5 2.Nf3 d6 3.d4 exd4 4.Qxd4 Nc6 5.Bb5 Bd7 6.Bxc6 Bxc6 7.Nc3 Nf6 8.
O-O Be7 9.Re1 O-O 10.Nd5 Nxd5 11.exd5 Bd7 12.c4 c5 13.Qd3 h6 14.Bf4 a6 15.
Nd2 f5 16.Re2 b5 17.Rae1 bxc4 18.Nxc4 Rf7 19.Qg3 Kh7 20.b3 Bb5 21.Re6 Bxc4
22.Qg6+ Kg8 23.bxc4 Rf6 24.Rxf6 Bxf6 25.Bxh6 Kh8 26.Bf4 Qd7 27.Re3 Kg8 28.
h3 Qf7 29.Qxf5 Bd4 30.Qxf7+ Kxf7 31.Re6 Be5 32.Bxe5 dxe5 33.Rxe5 Rb8 34.
Re6 Rb1+ 35.Kh2 Rc1 36.Rxa6 Rxc4 37.Rc6 Ke7 38.a4 Kd7 39.a5 g6 40.a6 Ra4 
41.Rxg6 c4 42.Rc6 c3 43.Rxc3 Rxa6 44.g4 Kd6 45.Rc6+ Rxc6 46.dxc6 Kxc6 1-0

[Event "R1 Ramonville2-Luchon"]
[Site "Luchon"]
[Date "2005.03.13"]
[Round "6.2"]
[White "Moreau, Maximilien"]
[Black "Nicq Beothy, Ambre"]
[Result "0-1"]
[WhiteElo "1470"]
[BlackElo "1560"]
[EventDate "2005.??.??"]
[PlyCount "106"]

1.c4 c6 2.d4 d5 3.c5 Nf6 4.Nc3 Bf5 5.Bg5 Nbd7 6.Nf3 Qc7 7.g3 e6 8.Bg2 Be7 
9.O-O O-O 10.b4 Rfe8 11.Bf4 Qd8 12.Ne5 Nxe5 13.Bxe5 Ng4 14.Bf4 h5 15.f3 
Nf6 16.a4 h4 17.Qe1 hxg3 18.Bxg3 Nh5 19.Qf2 Bg5 20.Rae1 Bd2 21.Nd1 Bxb4 
22.Ne3 Bxe1 23.Rxe1 Nxg3 24.Qxg3 Qf6 25.Nxf5 Qxf5 26.e4 Qg6 27.Qxg6 fxg6 
28.e5 Rf8 29.Re3 Rf4 30.Rd3 g5 31.Bh3 Re8 32.a5 Kf7 33.Bg4 Kg6 34.h3 Re7 
35.Kf2 Rf8 36.Kg3 Rb8 37.Rb3 Kf7 38.Bh5+ g6 39.Bg4 b6 40.axb6 axb6 41.Rb2 
Reb7 42.cxb6 Rxb6 43.Ra2 Rb1 44.Ra7+ R8b7 45.Rxb7+ Rxb7 46.f4 gxf4+ 47.
Kxf4 Rb3 48.h4 Rd3 49.Kg5 Rxd4 50.h5 gxh5 51.Bxh5+ Kg7 52.Be8 c5 53.Bd7 
Re4 0-1

[Event "R1 Ramonville2-Luchon"]
[Site "Luchon"]
[Date "2005.03.13"]
[Round "6.1"]
[White "Mary, Jean Francois"]
[Black "Moreau, Philippe"]
[Result "0-1"]
[WhiteElo "1580"]
[BlackElo "1740"]
[EventDate "2005.??.??"]
[PlyCount "92"]

1.d4 d5 2.c4 Nc6 3.Nc3 e6 4.Nf3 Bb4 5.a3 Bxc3+ 6.bxc3 Nge7 7.Bf4 O-O 8.e3 
Ng6 9.Bg3 Na5 10.Qa4 b6 11.c5 Bd7 12.Bb5 Bxb5 13.Qxb5 Nc4 14.O-O Re8 15.
Rfd1 h5 16.h3 a6 17.Qb4 b5 18.Nd2 h4 19.Bh2 Nxd2 20.Rxd2 c6 21.Bd6 a5 22.
Qb1 a4 23.Qd1 Qf6 24.Qf3 Qxf3 25.gxf3 e5 26.Rad1 e4 27.fxe4 Rxe4 28.Re1 
Rae8 29.Kh2 R8e6 30.Rg1 f5 31.Rdd1 f4 32.Rxg6 Rxg6 33.Bxf4 Kf7 34.Rg1 Rxg1
35.Kxg1 Kf6 36.Kg2 Re8 37.Be5+ Kf5 38.Kf3 g5 39.Bh2 Re4 40.Ke2 g4 41.hxg4+
Rxg4 42.Kf3 Rg8 43.Be5 Re8 44.Ke2 Rg8 45.Kf3 Rg1 46.Bc7 Ra1 0-1

[Event "R1 Montauban2-Blaye les mines"]
[Site "Blaye les mines"]
[Date "2005.03.13"]
[Round "6"]
[White "Valade, Patrick"]
[Black "Kienlen, Gerard"]
[Result "1-0"]
[WhiteElo "1600"]
[BlackElo "1410"]
[EventDate "2005.??.??"]
[PlyCount "91"]

1.e4 d6 2.d4 Nf6 3.Nd2 g6 4.Ngf3 Bg7 5.Bc4 O-O 6.O-O c6 7.Bb3 Nbd7 8.c3 h6
9.Re1 Nh7 10.Nf1 e5 11.Be3 b6 12.Qd2 Bb7 13.Bc2 g5 14.Kh1 Bc8 15.Ng3 f6 
16.Rad1 a5 17.Nh5 a4 18.b3 b5 19.Ng3 Nb6 20.dxe5 Bg4 21.Qxd6 Bxf3 22.Qe6+ 
Kh8 23.Rxd8 Bxg2+ 24.Kxg2 Rfxd8 25.Bxb6 Rd2 26.Re2 Rxe2 27.Nxe2 fxe5 28.
Qxc6 axb3 29.Qxa8+ Nf8 30.Bxb3 Kh7 31.a4 bxa4 32.Qxa4 Ng6 33.Qd7 Nh4+ 34.
Kg3 Ng6 35.c4 h5 36.c5 Kh6 37.Qe6 Kh7 38.c6 Nf4 39.Nxf4 exf4+ 40.Kg2 f3+ 
41.Kf1 Be5 42.Qxe5 g4 43.c7 g3 44.Qxh5+ Kg7 45.Bd4+ Kf8 46.Qf7# 1-0

[Event "R1 Montauban2-Blaye les mines"]
[Site "Blaye les mines"]
[Date "2005.03.13"]
[Round "6"]
[White "Souyri, Pierre"]
[Black "Valat, Jean-Marie"]
[Result "1/2-1/2"]
[WhiteElo "1299"]
[BlackElo "1590"]
[EventDate "2005.??.??"]
[PlyCount "149"]

1.e4 d6 2.Nf3 Nf6 3.Nc3 g6 4.Bc4 Bg7 5.d3 O-O 6.O-O c5 7.h3 Nc6 8.a3 a6 9.
Re1 b5 10.Ba2 Be6 11.Be3 b4 12.axb4 cxb4 13.Na4 Nd7 14.d4 Bxa2 15.Rxa2 a5 
16.Qd2 e5 17.d5 Ne7 18.h4 f5 19.Bg5 f4 20.Bxe7 Qxe7 21.Ng5 Bh6 22.Nf3 g5 
23.hxg5 Bxg5 24.Nxg5 Qxg5 25.f3 Rf6 26.Qf2 Rg6 27.b3 Qh5 28.Re2 Rh6 29.Kf1
Qg5 30.Kg1 Rg6 31.Ra1 h5 32.Kf1 h4 33.Ke1 h3 34.gxh3 Qg1+ 35.Qf1 Qd4 36.
Rd1 Qa7 37.Rf2 Rg3 38.Rd3 Nc5 39.Nxc5 Qxc5 40.Rg2 Ra7 41.Rxg3+ fxg3 42.Qg2
Rg7 43.h4 Kh7 44.Kd1 Qf2 45.Qxf2 gxf2 46.Ke2 Rg2 47.Kf1 Rh2 48.Rd2 Rxh4 
49.Rxf2 Kg7 50.Ke2 Kf7 51.Kd3 Rh8 52.Rf1 Rc8 53.Ra1 Rc3+ 54.Kd2 Rc5 55.Rh1
Kg6 56.Rc1 Rc3 57.Rf1 Kg5 58.Ra1 Rc5 59.Rg1+ Kf4 60.Rf1 Rc3 61.Rf2 Kg3 62.
Rf1 Rxf3 63.Rg1+ Kf4 64.Rg6 Kxe4 65.Rxd6 Rf2+ 66.Kc1 Rf1+ 67.Kd2 Kd4 68.
Ra6 Kxd5 69.Rxa5+ Ke6 70.Kd3 Rf4 71.Rc5 Rd4+ 72.Ke3 Kd6 73.Rc8 Kd7 74.Rh8 
Ke6 75.Re8+ 1/2-1/2

[Event "R1 Montauban2-Blaye les mines"]
[Site "Blaye les mines"]
[Date "2005.03.13"]
[Round "6"]
[White "palos, Jean-Luc"]
[Black "Arlabosse, Nicolas"]
[Result "0-1"]
[WhiteElo "1550"]
[BlackElo "1820"]
[EventDate "2005.??.??"]
[PlyCount "48"]

1.d4 Nf6 2.c4 g6 3.Nc3 Bg7 4.e4 d6 5.f3 O-O 6.Be3 Nbd7 7.Bd3 e5 8.d5 Re8 
9.Qd2 c6 10.O-O-O cxd5 11.cxd5 a6 12.Kb1 b5 13.g4 Nb6 14.Nce2 Bd7 15.Ng3 
Rc8 16.Qg2 Nc4 17.Bc1 Qb6 18.Bxc4 Rxc4 19.Nf5 gxf5 20.gxf5 Kh8 21.Ne2 Rg8 
22.Qh3 b4 23.Qh4 Bxf5 24.Bg5 Nxe4 0-1

[Event "R1 Montauban2-Blaye les mines"]
[Site "Blaye les mines"]
[Date "2005.03.13"]
[Round "6"]
[White "Olle, Jean-Pierre"]
[Black "Delpy, Pierre"]
[Result "1/2-1/2"]
[WhiteElo "1760"]
[BlackElo "1620"]
[EventDate "2005.??.??"]
[PlyCount "50"]

1.e4 c5 2.Nf3 d6 3.d4 cxd4 4.Nxd4 Nf6 5.Nc3 a6 6.Be3 e6 7.Be2 Be7 8.a4 
Nbd7 9.Nb3 O-O 10.O-O b6 11.f4 Bb7 12.Bf3 Qc7 13.Kh1 Rad8 14.Qd2 Nc5 15.
Nxc5 dxc5 16.Qf2 Ne8 17.e5 f6 18.Bxb7 Qxb7 19.Qg3 f5 20.Rfd1 Nc7 21.Qf2 
Nd5 22.Nxd5 Rxd5 23.c4 Rxd1+ 24.Rxd1 Rd8 25.Rxd8+ Bxd8 1/2-1/2

[Event "R1 Montauban2-Blaye les mines"]
[Site "Blaye les mines"]
[Date "2005.03.13"]
[Round "6"]
[White "Gayraud, Christian"]
[Black "Delachoux, Didier"]
[Result "1-0"]
[WhiteElo "1430"]
[BlackElo "1270"]
[EventDate "2005.??.??"]
[PlyCount "99"]

1.e4 c6 2.d4 d5 3.e5 e6 4.Nf3 Ne7 5.Bg5 g6 6.Bf6 Rg8 7.Qd2 Bg7 8.Bd3 Nd7 
9.Bxg7 Rxg7 10.Qh6 Kf8 11.Qf4 Nf5 12.g4 g5 13.Qd2 Nh4 14.Nxh4 gxh4 15.h3 
Kg8 16.Nc3 Qg5 17.f4 Qe7 18.O-O-O Nf8 19.f5 exf5 20.gxf5 f6 21.e6 Rg5 22.
Qf2 h6 23.Qxh4 Qg7 24.Rde1 Nh7 25.e7 Bd7 26.Ne2 Re8 27.Nf4 Bxf5 28.Ne6 
Bxe6 29.Rxe6 Nf8 30.exf8=Q+ Kxf8 31.Rxe8+ Kxe8 32.Qe1+ Kd7 33.Qf2 Qf7 34.
Bf5+ Kd8 35.Qf4 Qc7 36.Qf1 Qe7 37.Qf2 Qc7 38.Re1 Qf7 39.Be6 Qe7 40.Bxd5 
Rxd5 41.Rxe7 Kxe7 42.Qe3+ Kf7 43.c4 Rg5 44.Kc2 a6 45.Qf3 Ke6 46.Qe4+ Kf7 
47.d5 cxd5 48.cxd5 b6 49.Qe6+ Kf8 50.Qxb6 1-0

[Event "R1 Montauban2-Blaye les mines"]
[Site "Blaye les mines"]
[Date "2005.03.13"]
[Round "6"]
[White "Foussat, Frederic"]
[Black "Devals, Nicolas"]
[Result "0-1"]
[WhiteElo "1440"]
[BlackElo "1560"]
[EventDate "2005.??.??"]
[PlyCount "67"]

1.c4 Nf6 2.Nf3 d6 3.d4 g6 4.g3 Bg7 5.Bg2 c6 6.O-O Bg4 7.Nc3 Qd7 8.Re1 Bh3 
9.Bxh3 Qxh3 10.Ng5 Qc8 11.Qb3 h6 12.Nf3 Nbd7 13.Kg2 e5 14.dxe5 Nxe5 15.
Nxe5 dxe5 16.e4 h5 17.h4 Nd7 18.Qd1 Qc7 19.Be3 O-O-O 20.b4 Bh6 21.Qb3 Bxe3
22.Rxe3 f5 23.c5 f4 24.Rf3 Rhg8 25.Ne2 g5 26.hxg5 Rxg5 27.Kh3 fxg3 28.Rxg3
Rdg8 29.Rxg5 Rxg5 30.Qe6 Qd8 31.Rc1 Qf8 32.Rd1 Qf3+ 33.Kh4 Rg4+ 34.Kxh5 
0-1

[Event "R1 EVT2-Colomiers2"]
[Site "Colomiers"]
[Date "2005.03.13"]
[Round "6.3"]
[White "Doustens, jean-jacques"]
[Black "Campoy, Steve"]
[Result "1-0"]
[WhiteElo "1410"]
[BlackElo "1370"]
[EventDate "2005.??.??"]
[PlyCount "99"]

1.e4 e5 2.Nf3 Nc6 3.Bb5 f6 4.Bxc6 dxc6 5.d3 Bg4 6.Nbd2 Ne7 7.O-O Qd6 8.b3 
f5 9.Nc4 Qf6 10.Bg5 Qxg5 11.Nxg5 Bxd1 12.Rfxd1 h6 13.Nf3 fxe4 14.Nfxe5 
exd3 15.Rxd3 g5 16.Re1 Rh7 17.Ng6 Rd8 18.Rxd8+ Kxd8 19.Nxf8 Rf7 20.Ne6+ 
Kd7 21.Ne5+ Kxe6 22.Nxf7+ Kxf7 23.c4 Nc8 24.g3 Nd6 25.Kg2 Nf5 26.Rd1 Ke6 
27.Rd8 h5 28.Rh8 h4 29.g4 Nd4 30.Rb8 b6 31.Rb7 b5 32.Rxa7 bxc4 33.bxc4 Kd6
34.Ra8 Kc5 35.Re8 Kd6 36.a4 Ne6 37.a5 Nc5 38.Rg8 Ke5 39.Rxg5+ Kd4 40.Rxc5 
Kxc5 41.g5 Kxc4 42.a6 Kb3 43.a7 c5 44.a8=Q c4 45.g6 c3 46.Qc6 c2 47.g7 Kb2
48.Qxc2+ Ka1 49.g8=R c5 50.Ra8# 1-0

[Event "R1 EVT2-Colomiers2"]
[Site "Colomiers"]
[Date "2005.03.13"]
[Round "6.2"]
[White "Avdagic, Ajdin"]
[Black "Torchausse, Michel"]
[Result "0-1"]
[WhiteElo "1580"]
[BlackElo "1420"]
[EventDate "2005.??.??"]
[PlyCount "92"]

1.b3 e5 2.Bb2 Nc6 3.Nf3 e4 4.Nd4 Nxd4 5.Bxd4 d5 6.e3 c5 7.Bb2 Nf6 8.Bxf6 
Qxf6 9.Bb5+ Bd7 10.Bxd7+ Kxd7 11.Nc3 Qe6 12.O-O g6 13.Rb1 a6 14.Ne2 Bd6 
15.d4 cxd4 16.Qxd4 Qe5 17.Qxe5 Bxe5 18.Rbd1 Ke6 19.Rd2 Rhd8 20.Rfd1 b5 21.
c4 bxc4 22.bxc4 Rab8 23.cxd5+ Kd6 24.Rc2 Rdc8 25.Rxc8 Rxc8 26.Rd2 a5 27.g3
a4 28.Kg2 a3 29.Nd4 Bxd4 30.exd4 Kxd5 31.Kf1 Rc4 32.Ke2 Rxd4 33.Rc2 Rb4 
34.Kd2 Rb2 35.Rxb2 axb2 36.Kc2 g5 37.Kxb2 f5 38.Kc3 h5 39.a4 f4 40.a5 e3 
41.fxe3 fxg3 42.hxg3 h4 43.gxh4 gxh4 44.e4+ Kc6 45.e5 h3 46.e6 h2 0-1

[Event "R1 EVT2-Colomiers2"]
[Site "Colomiers"]
[Date "2005.03.13"]
[Round "6.1"]
[White "Hernandez, Jeremy"]
[Black "Artis, Paul"]
[Result "0-1"]
[WhiteElo "1510"]
[BlackElo "1490"]
[EventDate "2005.??.??"]
[PlyCount "52"]

1.e4 c6 2.Nf3 d5 3.e5 Bf5 4.d4 e6 5.c4 Ne7 6.Nc3 Ng6 7.Bg5 Be7 8.Bxe7 Qxe7
9.g3 Nd7 10.a3 f6 11.exf6 Nxf6 12.Ne5 Nxe5 13.dxe5 Nd7 14.Qd4 c5 15.Qf4 g5
16.Qc1 Nxe5 17.cxd5 Nf3+ 18.Kd1 O-O-O 19.Bg2 Nd4 20.Qe3 Nc2 21.Qc1 Nxa1 
22.Qxa1 a6 23.a4 exd5 24.Nxd5 Rhe8 25.Kc1 Qe2 26.Qa3 Qc2# 0-1

[Event "R1 EVT1-Gambit Muret"]
[Site "Gambit Muret"]
[Date "2005.03.13"]
[Round "6"]
[White "Taieb, Marcel"]
[Black "Spanoudakis, Serge"]
[Result "0-1"]
[WhiteElo "1700"]
[BlackElo "1550"]
[EventDate "2005.??.??"]
[PlyCount "98"]

1.d4 Nf6 2.c4 g6 3.Nc3 d5 4.Bg5 Ne4 5.Bf4 Nxc3 6.bxc3 Bg7 7.e3 O-O 8.cxd5 
Qxd5 9.Bxc7 Qc6 10.Ba5 b6 11.Bb4 a5 12.Bxe7 Re8 13.Bg5 Qxc3+ 14.Ke2 Ba6+ 
15.Kf3 Qc6+ 16.d5 Qd7 17.Rb1 Bxf1 18.Qxf1 Qxd5+ 19.Kg4 Qf5+ 20.Kh4 Re4+ 
21.f4 f6 22.Rb5 fxg5+ 23.Kg3 Rxe3+ 24.Nf3 Qxf4+ 25.Kf2 g4 26.Qd1 Bd4 27.
Qxd4 Rxf3+ 28.gxf3 Qxd4+ 29.Kg3 Nd7 30.fxg4 Rf8 31.Rb3 Ne5 32.h3 Rf3+ 33.
Rxf3 Nxf3 34.Kxf3 Qd5+ 35.Kf4 Qxh1 36.g5 Qxh3 37.a4 Qa3 38.Ke5 Qxa4 39.Kf6
b5 40.Ke7 b4 41.Kd8 b3 42.Kc7 b2 43.Kb7 Qc4 44.Ka7 Kf7 45.Ka8 a4 46.Kb7 a3
47.Ka7 a2 48.Kb7 Ke7 49.Kb6 h6 0-1

[Event "R1 EVT1-Gambit Muret"]
[Site "Gambit Muret"]
[Date "2005.03.13"]
[Round "6"]
[White "Phan, Van-Chuong"]
[Black "Saubiette, Cyrille"]
[Result "1-0"]
[WhiteElo "1780"]
[BlackElo "1730"]
[EventDate "2005.??.??"]
[PlyCount "101"]

1.Nf3 Nf6 2.c4 g6 3.b4 Bg7 4.Bb2 O-O 5.g3 b6 6.Bg2 Bb7 7.d3 d5 {=} 8.cxd5 
Bxd5 9.O-O Re8 10.Nbd2 Nbd7 11.a4 e5 12.e4 Bb7 13.Nc4 Nh5 14.a5 b5 15.a6 
Bc8 16.Ne3 Nb6 17.Ra3 Na4 18.Ba1 Rb8 19.Qc2 c5 20.Rxa4 bxa4 21.bxc5 Bxa6 
22.Nc4 Qc7 23.Qxa4 Bb5 24.Qa3 Bxc4 25.dxc4 Bf8 26.Qc3 f6 27.Bh3 Ng7 28.Nd2
Bxc5 29.Nb3 Ne6 30.Rd1 Nd4 31.Nxd4 Bxd4 32.Qc2 Bxa1 33.Rxa1 Qc5 34.Ra6 Kf7
35.Qd3 Kg7 36.Be6 Rb2 37.Qf3 Re7 38.Bd5 Rb6 39.Ra1 a5 40.h4 Ra7 41.g4 a4 
42.g5 a3 43.Qg4 a2 44.Rxa2 Re7 45.Ra8 h5 46.gxh6+ Kxh6 {=} 47.Rg8 Rg7 48.
Rxg7 Kxg7 49.h5 g5 50.Qf5 Qe7 51.Qg6+ 1-0

[Event "R1 EVT1-Gambit Muret"]
[Site "Gambit Muret"]
[Date "2005.03.13"]
[Round "6"]
[White "Le Digabel, Patrick"]
[Black "Chevauché, Alain"]
[Result "0-1"]
[WhiteElo "1600"]
[BlackElo "1730"]
[EventDate "2005.??.??"]
[PlyCount "138"]

1.e4 d5 2.exd5 Qxd5 3.Nc3 Qa5 4.d4 Nf6 5.Nf3 c6 6.Bd2 Bg4 7.h3 Bh5 8.Ne4 
Qf5 9.Ng3 Qe6+ 10.Be3 Bg6 11.Be2 Ne4 12.Nxe4 Qxe4 13.Bd3 Qd5 14.Bxg6 hxg6 
15.Qd3 Nd7 16.Qb3 Nb6 17.Qxd5 Nxd5 18.c3 e6 19.Ne5 Bd6 20.Nc4 Bc7 21.O-O-O
b5 22.Nd2 a5 23.Kc2 a4 24.a3 Rb8 25.g3 Bxg3 26.Ne4 Bc7 27.Nc5 Bd6 28.Nd3 
Kd7 29.Rdg1 Rh7 30.Rg5 Rbh8 31.Rg4 Rxh3 32.Rxh3 Rxh3 33.Kd2 Nf6 34.Rg2 Rh2
35.Rg1 Nd5 36.Ke2 Ne7 37.Bf4 Bxf4 38.Nxf4 Rh4 39.Nd3 Rh5 40.Ne5+ Ke8 41.
Kd3 Rh2 42.Ke2 Rh6 43.Ng4 Rh5 44.Ne5 g5 45.Kf3 f6 46.Kg4 Rh4+ 47.Kf3 Rf4+ 
48.Ke3 Nf5+ 49.Ke2 fxe5 50.dxe5 g4 51.Rg2 Re4+ 52.Kd3 Rxe5 53.Rxg4 Rd5+ 
54.Ke2 Kd7 55.c4 Rd4 56.Rxd4+ Nxd4+ 57.Kd3 Nf5 58.c5 e5 59.Ke4 Ke6 60.f4 
exf4 61.Kxf4 Kf6 62.Ke4 g5 63.Kf3 g4+ 64.Kf4 g3 65.Kf3 Ke5 66.Kg2 Kf4 67.
Kg1 Ne3 68.b3 axb3 69.a4 b2 0-1

[Event "R1 EVT1-Gambit Muret"]
[Site "Gambit Muret"]
[Date "2005.03.13"]
[Round "6"]
[White "Garcia del Prado, Bruno"]
[Black "Fora, Jean Paul"]
[Result "0-1"]
[WhiteElo "1660"]
[BlackElo "1680"]
[EventDate "2005.??.??"]
[PlyCount "132"]

1.e4 c6 2.d4 d5 3.Nc3 dxe4 4.Nxe4 Bf5 5.Ng3 Bg6 6.h4 h6 7.Nf3 Nd7 8.h5 Bh7
9.Bd3 Bxd3 10.Qxd3 Qc7 11.Be3 e6 12.O-O-O Ngf6 13.Ne4 Nxe4 14.Qxe4 Bd6 15.
Rd3 Nf6 16.Qh4 Nd5 17.c3 Bf4 18.g3 Bxe3+ 19.fxe3 Nf6 20.Ne5 O-O-O 21.e4 c5
22.Rd2 cxd4 23.Nxf7 Qxf7 24.cxd4 Kb8 25.Qf4+ Qc7+ 26.Qxc7+ Kxc7 27.e5 Nd5 
28.Rf1 Rhf8 29.Rdf2 Rxf2 30.Rxf2 Rd7 31.Kd2 Ne7 32.Kc3 Nf5 33.g4 Nxd4 34.
Rg2 a6 35.g5 Nf5 36.gxh6 gxh6 37.Rg6 Re7 38.a4 Kc6 39.Rg1 Kd5 40.Re1 Rc7+ 
41.Kb4 Rc5 42.Rg1 a5+ 43.Ka3 Kxe5 44.Re1+ Kd6 45.Rd1+ Rd5 46.Rc1 Kd7 47.
Rg1 e5 48.Rg8 e4 49.Rb8 Kc7 50.Re8 e3 51.Kb3 Kd7 52.Re4 Kd6 53.Re8 Re5 54.
Rd8+ Kc7 55.Rd1 e2 56.Re1 Ng3 57.Kc4 Rxh5 58.Kd3 Rh1 59.Rxh1 Nxh1 60.Kxe2 
Ng3+ 61.Kf3 Nf5 62.Kg4 Ne3+ 63.Kh5 Kc6 64.Kxh6 Kc5 65.Kg5 Kb4 66.Kf4 Nd1 
0-1

[Event "R1 EVT1-Gambit Muret"]
[Site "Gambit Muret"]
[Date "2005.03.13"]
[Round "6"]
[White "Flourac, Jean Paul"]
[Black "Alonzo, Jesus"]
[Result "0-1"]
[WhiteElo "1680"]
[BlackElo "1830"]
[EventDate "2005.??.??"]
[PlyCount "50"]

1.d4 e6 2.e4 d5 3.Nc3 Bb4 4.e5 c5 5.Bd2 Ne7 6.Nb5 Bxd2+ 7.Qxd2 O-O 8.c3 
Nbc6 9.Bd3 Qa5 10.Nd6 cxd4 11.b4 dxc3 12.Qxc3 Nxb4 13.Kf1 Nbc6 14.Qb2 b6 
15.Nxc8 Raxc8 16.Nf3 Nb4 17.Qb3 Nxd3 18.Qxd3 Qc3 19.Qd1 Ng6 20.g3 Nxe5 21.
Nxe5 Qxe5 22.Kg2 Qe4+ 23.Kh3 Rc2 24.Rf1 f5 25.a4 Rf6 0-1

[Event "R1 EVT1-Gambit Muret"]
[Site "Gambit Muret"]
[Date "2005.03.13"]
[Round "6"]
[White "cesbron, Guy"]
[Black "Caner, Guillaume"]
[Result "1-0"]
[WhiteElo "2133"]
[BlackElo "1749"]
[EventDate "2005.??.??"]
[PlyCount "53"]

1.e4 e6 2.d4 d5 3.Nd2 dxe4 4.Nxe4 Nc6 5.Nf3 Nge7 6.Bd3 b6 7.c3 Bb7 8.Qe2 
Nf5 9.O-O Be7 10.Re1 O-O 11.Neg5 Kh8 12.Bd2 h6 13.Ne4 Nb8 14.Rad1 Nd7 15.
Bf4 Rc8 16.Bb1 Nf6 17.Ne5 Nd6 18.Ng3 Nd5 19.Bc1 Bg5 20.Qd3 Nf6 21.Bxg5 
hxg5 22.Nh5 Nfe4 23.Qh3 Nf5 24.Bxe4 Bxe4 25.Rxe4 Qd5 26.Nf6+ Nh6 27.Nxd5 
1-0